Trayectoria de Manuel Ancízar en Venezuela (Registro nro. 301513)
[ vista simple ]
| 000 -ENCABEZADO | |
|---|---|
| Número de control [NR] | 00905nam a22002531a 4500 |
| 005 - FECHA Y HORA DE LA ÚLTIMA TRANSACCIÓN | |
| control field | 20151002164745.0 |
| 008 - DE LONGITUD FIJA DE DATOS DE ELEMENTOS - INFORMACIÓN GENERAL | |
| Elementos de longitud fija [NR] | 150210s1972 ck gr 000 0bspa d |
| 010 ## - NUMERO DE CONTROL DE LA BIBLIOTECA DEL CONGRESO (LC) [NR] | |
| Número de control LC [NR] | 81460587 |
| 040 ## - FUENTE DE CATALOGACION [NR] | |
| Agencia de catalogación original [NR] | CO-BoUCM |
| Quien Cataloga | David Avila |
| Quien Clasifica | David Avila |
| 041 0# - CODIGO DE IDIOMA [R] | |
| Código de idioma para texto/pista de sonido o título separado [R] | Español |
| 043 ## - CODIGO DE AREA GEOGRAFICA [NR] | |
| Código de área geográfica [R] | s-ck--- |
| 100 1# - ASIENTO PRINCIPAL--NOMBRE PERSONAL [NR] | |
| Nombre personal [NR] | Quevedo, Numa |
| ID Autoridad | 71978 |
| 245 10 - MENCION DE TITULO [NR] | |
| Título [NR] | Trayectoria de Manuel Ancízar en Venezuela |
| Mención de responsabilidad, etc. [NR] | Numa Quevedo. |
| 260 ## - PUBLICACION, DISTRIBUCION, ETC. (PIE DE IMPRENTA) [R] | |
| Lugar de publicación, distribución, etc. [R] | Bogotá (Colombia) |
| Nombre del editor, distribuidor, etc. [R] | Editorial Kelly |
| Fecha de publicación, distribución, etc. [R] | 1972 |
| 300 ## - DESCRIPCION FISICA [R] | |
| Extensión [R] | 82 páginas |
| 490 ## - MENCION DE SERIE [R] | |
| Mención de serie [R] | Colección de bolsilibros de la Academia de Historia |
| Designación numérica/secuencial del volumen [NR] | 23 |
| 504 ## - NOTA DE BIBLIOGRAFIA, ETC. [R] | |
| Nota de bibliografía, etc. [NR] | Incluye referencias bibliográficas |
| 600 10 - ASIENTO SECUNDARIO DE MATERIA - NOMBRE PERSONAL [R] | |
| Nombre personal [NR] | Ancízar, Manuel |
| Fechas asociadas con el nombre [NR] | 1812-1882 |
| 9 (RLIN) | 71979 |
| 650 #0 - ASIENTO SECUNDARIO DE MATERIA - TERMINO TEMATICO [R] | |
| Término temático o nombre geográfico como elemento de entrada [NR] | Estadistas |
| Subdivisión geográfica [R] | Colombia |
| Subdivisión general [R] | Biografías |
| 9 (RLIN) | 71980 |
| 690 ## - ASUNTO AGREGADO LOCAL DE ENTRADA - TÉRMINO TEMÁTICO (OCLC, RLIN) | |
| 9 (RLIN) | 42750 |
| Acceso temático local | Biografías |
| 830 ## - ASIENTO SECUNDARIO DE SERIE--TITULO UNIFORME [R] | |
| Título uniforme [NR] | Colección de bolsilibros de la Academia de Historia |
| Número de la parte o sección de una obra [R] | 23 |
| 9 (RLIN) | 71981 |
| 942 ## - ELEMENTOS DE ENTRADA AGREGADOS (KOHA) | |
| Sistema de clasificación | LOCAL |
| Tema principal | Biografías |
| Tipo de ítem principal el descrito en 300a | Edición Rosarista |
| Edición | 1 |
| Clasificación | 923.2861 |
| Parte restante de la signatura top. | A541Q |
| Total préstamos | Signatura topográfica | Código de barras | Última vez visto | Ejemplar | Costo de reposición | Price effective from | Tipo de ítem | Perdido | Sistema de clasificación | Dañado | No prestable | Tipo de ítem específico | Suprimido | Ubicación habitual | Ubicación actual | Localización | Fecha de creación | Proveedor | Forma de adquisición | Costo |
|---|---|---|---|---|---|---|---|---|---|---|---|---|---|---|---|---|---|---|---|---|
| 923.2861 A541Q | 100147638 | 09/12/2025 | Ej.1 | 26000.00 | 17/09/2015 | Libro | DEWEY | Libro | Claustro | Claustro | 2do piso | 17/09/2015 | 12 | Donación | 0.00 |